[Event "4NCL North"]
[Site "Harrogate"]
[Date "2011.02.20"]
[Round "6"]
[White "Jones, Steven"]
[Black "Cowan, Richard M"]
[Result "0-1"]
[WhiteElo "1829"]
[BlackElo "1897"]
[PlyCount "66"]
[EventDate "2011.??.??"]

1. e4 c6 2. d4 d5 3. exd5 cxd5 4. Bd3 Nc6 5. c3 Qc7 6. Ne2 Nf6 7. Bf4 Qb6 8.
Qc2 Bg4 9. f3 Bh5 10. Nd2 Rc8 11. g4 Bg6 12. h4 Nd7 13. Bxg6 hxg6 14. Qb3 Qa6
15. Qxd5 Nf6 16. Qb3 Na5 17. Qd1 Nd5 18. Kf2 e6 19. Bg3 Qd3 20. Nf1 Qb5 21. b4
Nc4 22. a4 Qd7 23. Qb3 Be7 24. Nc1 Qd8 25. h5 gxh5 26. gxh5 Bg5 27. Nd3 Nd2 28.
Nxd2 Rxc3 29. Qb1 Bxd2 30. Rh4 Qg5 31. f4 Be3+ 32. Kf3 Qf5 33. Nc5 Bxf4+ 0-1

[Event "4NCL North"]
[Site "Harrogate"]
[Date "2011.02.20"]
[Round "6"]
[White "Bak, Andrew"]
[Black "Woolley, Jos"]
[Result "1/2-1/2"]
[WhiteElo "1946"]
[BlackElo "2099"]
[PlyCount "120"]
[EventDate "2011.??.??"]

1. e4 Nc6 2. d4 e5 3. Nf3 exd4 4. Bc4 Nf6 5. e5 Ng4 6. O-O d6 7. exd6 Bxd6 8.
Re1+ Kf8 9. h3 Nge5 10. Nxe5 Nxe5 11. Bb3 Qh4 12. Nd2 Bxh3 13. Rxe5 Bg4 14. Qe1
Bxe5 15. Qxe5 Re8 16. Qc5+ Kg8 17. Nf1 Qd8 18. Bg5 Qd7 19. f3 b6 20. Qd5 Qxd5
21. Bxd5 Bf5 22. Bc6 Re5 23. Rd1 h6 24. Bf4 Rc5 25. Ba4 Bxc2 26. Rxd4 Bxa4 27.
Rxa4 a5 28. Ne3 Kh7 29. Rd4 Re8 30. Kf2 g5 31. Bg3 Re7 32. f4 b5 33. Rd5 Rxd5
34. Nxd5 Re6 35. Nxc7 Rc6 36. Nxb5 Rc2+ 37. Kf3 Rxb2 38. Nc3 Rc2 39. Be1 gxf4
40. a3 Rc1 41. Bd2 Rf1+ 42. Ke2 Ra1 43. a4 Ra3 44. Kf3 Kg6 45. Kxf4 h5 46. g3
Ra1 47. Ke4 f6 48. Bf4 Ra3 49. Bd2 Ra1 50. Bf4 Ra3 51. Bd2 Ra1 52. Bf4 {(=)}
Re1+ 53. Kf3 Kf5 54. Bc7 Rf1+ 55. Kg2 Rc1 56. Bxa5 Kg4 57. Ne4 Rc2+ 58. Nf2+
Kf5 59. Bb6 Rc3 60. a5 Ra3 1/2-1/2

[Event "4NCL North"]
[Site "Harrogate"]
[Date "2011.02.20"]
[Round "6"]
[White "Hague, Ben"]
[Black "Richardson, Alex"]
[Result "1/2-1/2"]
[WhiteElo "2301"]
[BlackElo "2084"]
[PlyCount "108"]
[EventDate "2011.??.??"]

1. e4 c6 2. d4 d5 3. e5 Bf5 4. c4 dxc4 5. Bxc4 e6 6. Nc3 Nd7 7. Nge2 Nb6 8. Bb3
Ne7 9. Nf4 h6 10. O-O Qd7 11. Be3 Ned5 12. Nfxd5 Nxd5 13. Nxd5 exd5 14. Bc2 Be7
15. Rc1 O-O 16. f4 g6 17. h3 h5 18. Qf3 h4 19. Bf2 Kg7 20. Rfe1 Rh8 21. Re3 Be6
22. a3 Rac8 23. b4 a6 24. Be1 Rh5 25. Qf1 Qd8 26. Bd1 Rh8 27. Bg4 Qd7 28. Qf3
Bf5 29. Bd2 Rce8 30. a4 Bd8 31. Rb3 Bb6 32. Be3 Rc8 33. Kh2 Qe6 34. Bf2 Rcd8
35. Qd1 Qd7 36. Qe1 Bxg4 37. Bxh4 Rde8 38. Bf6+ Kg8 39. Bxh8 Kxh8 40. hxg4 Qxg4
41. Rh3+ Kg7 42. Qe3 Rh8 43. Rxh8 Kxh8 44. b5 axb5 45. axb5 cxb5 46. Rb1 Kg7
47. g3 Qf5 48. Rxb5 Qc2+ 49. Kh3 Qd1 50. Kg2 Bxd4 51. Qf3 Qc2+ 52. Kh1 Qc1+ 53.
Kg2 Qc2+ 54. Kh1 Qc1+ 1/2-1/2

[Event "4NCL North"]
[Site "Harrogate"]
[Date "2011.02.20"]
[Round "6"]
[White "Robertson, David J"]
[Black "Kane, Brendan D"]
[Result "1/2-1/2"]
[WhiteElo "1885"]
[BlackElo "2010"]
[PlyCount "63"]
[EventDate "2011.??.??"]

1. d4 e6 2. Nf3 f5 3. c4 Nf6 4. Nc3 Be7 5. e3 b6 6. Bd3 Bb7 7. Qc2 Na6 8. a3 c5
9. Qe2 Ne4 10. O-O Nxc3 11. bxc3 O-O 12. Bd2 Nc7 13. a4 Ne8 14. Ne1 Nf6 15. f3
Qc7 16. e4 fxe4 17. fxe4 e5 18. dxe5 Qxe5 19. Nf3 Qh5 20. Bf4 Qg4 21. Bg5 h6
22. Bxf6 Bxf6 23. e5 Rae8 24. a5 Bxf3 25. Qxf3 Qxf3 26. Rxf3 Bxe5 27. axb6 axb6
28. Bg6 Re6 29. Bh7+ Kxh7 30. Rxf8 Bxc3 31. Rc1 Bd4+ 32. Kf1 1/2-1/2

[Event "4NCL North"]
[Site "Harrogate"]
[Date "2011.02.20"]
[Round "6"]
[White "Molofej, Denis"]
[Black "Armstrong, Malcolm J"]
[Result "1/2-1/2"]
[WhiteElo "2043"]
[BlackElo "1957"]
[PlyCount "45"]
[EventDate "2011.??.??"]

1. e4 c6 2. d4 d5 3. Nc3 dxe4 4. Nxe4 Bf5 5. Ng3 Bg6 6. h4 h6 7. Nh3 e6 8. Nf4
Bh7 9. Bc4 Nf6 10. c3 Bd6 11. Ngh5 Nxh5 12. Nxh5 Rg8 13. Qf3 Nd7 14. Bf4 Bxf4
15. Qxf4 Nf6 16. Nxf6+ Qxf6 17. Qxf6 gxf6 18. O-O Ke7 19. Be2 Rad8 20. Bf3 Bf5
21. g3 Bh3 22. Rfe1 f5 23. Kh2 1/2-1/2

[Event "4NCL North"]
[Site "Harrogate"]
[Date "2011.02.20"]
[Round "6"]
[White "Hopwood, Paul M"]
[Black "Edwards-Wright, Miles D"]
[Result "1-0"]
[WhiteElo "2130"]
[BlackElo "1946"]
[PlyCount "29"]
[EventDate "2011.??.??"]

1. e4 g6 2. d4 Bg7 3. Nc3 d5 4. exd5 c6 5. dxc6 Bxd4 6. cxb7 Bxb7 7. Bb5+ Kf8
8. Nf3 Bxc3+ 9. bxc3 Qa5 10. Qd4 f6 11. Rb1 Qxa2 12. O-O Qd5 13. Qxd5 Bxd5 14.
Rd1 Bc6 15. Rd8+ 1-0

[Event "4NCL North"]
[Site "Harrogate"]
[Date "2011.02.20"]
[Round "6"]
[White "Armstrong, William G"]
[Black "Lang, Adam R"]
[Result "0-1"]
[WhiteElo "1952"]
[BlackElo "2050"]
[PlyCount "104"]
[EventDate "2011.??.??"]

1. e4 c5 2. Nf3 d6 3. d4 cxd4 4. Nxd4 Nf6 5. Nc3 a6 6. f3 Qb6 7. a4 Nc6 8. Nxc6
bxc6 9. a5 Qb7 10. Na4 Rb8 11. Ra3 Qc7 12. Nb6 Nd7 13. Be3 e6 14. Nxd7 Qxd7 15.
Bb6 Be7 16. Rd3 O-O 17. c4 Qb7 18. Be2 c5 19. e5 d5 20. cxd5 c4 21. Rd4 exd5
22. Rxd5 Be6 23. Rd4 Bb4+ 24. Kf1 Qc6 25. Qc2 Bc5 26. Rh4 h6 27. Bxc5 Qxc5 28.
Bxc4 Rfc8 29. b3 Qxa5 30. g3 Qxe5 31. Kf2 Qc5+ 32. Kg2 a5 33. Qa2 Qd6 34. Re1
Bxc4 35. Rxc4 Rxc4 36. bxc4 Qd3 37. Qe2 Qc3 38. Kh3 a4 39. Qe5 Qxe5 40. Rxe5
Ra8 41. Re2 a3 42. Ra2 Kf8 43. Kg2 Ke7 44. c5 Ke6 45. Kf2 Kd5 46. c6 Kxc6 47.
Ke2 Kc5 48. Kd3 Kb4 49. Kc2 Rc8+ 50. Kb1 Kb3 51. Re2 Rc3 52. f4 Rf3 0-1

[Event "4NCL North"]
[Site "Harrogate"]
[Date "2011.02.20"]
[Round "6"]
[White "Lonsdale, Jon"]
[Black "Doran, Chris"]
[Result "0-1"]
[WhiteElo "1826"]
[BlackElo "2020"]
[PlyCount "52"]
[EventDate "2011.??.??"]

1. e4 c5 2. c3 Nf6 3. e5 Nd5 4. d4 cxd4 5. Nf3 Nc6 6. cxd4 d6 7. Bc4 Nb6 8. Bb3
d5 9. Nh4 g6 10. O-O Bg7 11. Nc3 O-O 12. Qd3 Nc4 13. Rd1 Bg4 14. f3 e6 15. g3
Bh5 16. Bxc4 dxc4 17. Qxc4 g5 18. g4 Bxg4 19. fxg4 gxh4 20. g5 Rc8 21. Qd3 Nb4
22. Qh3 Nc2 23. Qxh4 Nxa1 24. Qe4 Qb6 25. Rf1 Nc2 26. Rf4 Qxd4+ 0-1

[Event "4NCL North"]
[Site "Harrogate"]
[Date "2011.02.20"]
[Round "6"]
[White "Taylor, William J"]
[Black "Patrick, David A"]
[Result "1/2-1/2"]
[WhiteElo "1866"]
[BlackElo "1961"]
[PlyCount "100"]
[EventDate "2011.??.??"]

1. e4 e6 2. d4 d5 3. Nd2 Nf6 4. e5 Nfd7 5. Bd3 c5 6. c3 Nc6 7. Ne2 cxd4 8. cxd4
f6 9. exf6 Nxf6 10. Nf3 Bd6 11. O-O Qc7 12. Bg5 O-O 13. Rc1 a6 14. Bh4 Nh5 15.
Bb1 g6 16. Bg3 Nxg3 17. Nxg3 Qg7 18. Re1 Bd7 19. Nf1 Rf4 20. g3 Rxf3 21. Qxf3
Rf8 22. Qg2 Nxd4 23. f4 g5 24. fxg5 Nf3+ 25. Kh1 Nxe1 26. Rxe1 Bc5 27. Qc2 Bb4
28. Rd1 Bc6 29. a3 Ba5 30. h4 Bb6 31. Qd3 Bb5 32. Qb3 Bxf1 33. Qxb6 Qf7 34. Qe3
Bb5 35. Bd3 Bc6 36. Qe2 d4+ 37. Be4 Bb5 38. Bd3 Bxd3 39. Qxd3 e5 40. Re1 Qe6
41. Kg2 Qf7 42. Rxe5 Qf2+ 43. Kh1 Rc8 44. Qb1 Qxg3 45. Qe1 Qh3+ 46. Kg1 Rf8 47.
Re8 Qg4+ 48. Kh2 Qf4+ 49. Kg1 Qg4+ 50. Kh2 Qf4+ 1/2-1/2

[Event "4NCL North"]
[Site "Harrogate"]
[Date "2011.02.20"]
[Round "6"]
[White "Pardoe, David"]
[Black "Turner, John M"]
[Result "0-1"]
[WhiteElo "1898"]
[BlackElo "2071"]
[PlyCount "68"]
[EventDate "2011.??.??"]

1. d4 d5 2. c4 dxc4 3. Nc3 a6 4. e4 b5 5. Nf3 Bb7 6. Bf4 e6 7. a3 Nf6 8. Qc2 c5
9. Rd1 cxd4 10. Nxd4 Nbd7 11. Ncxb5 axb5 12. Nxb5 Qa5+ 13. Nc3 Bxe4 14. Qd2 Bd5
15. Rg1 Be7 16. g4 O-O 17. Be2 Nb6 18. h4 Ne4 19. Nxe4 Bxe4 20. Be3 Qxd2+ 21.
Rxd2 Nd5 22. g5 Nxe3 23. fxe3 c3 24. bxc3 Rxa3 25. Rg4 Bc6 26. Rc4 Bd5 27. Rxd5
exd5 28. Rc6 h6 29. gxh6 Bxh4+ 30. Kd2 g6 31. Rd6 Rd8 32. Rb6 Bg5 33. h7+ Kxh7
34. Rb7 Kg7 0-1

[Event "4NCL North"]
[Site "Harrogate"]
[Date "2011.02.20"]
[Round "6"]
[White "Clark, Robert"]
[Black "Connor, Michael I"]
[Result "1-0"]
[WhiteElo "2035"]
[BlackElo "1858"]
[PlyCount "55"]
[EventDate "2011.??.??"]

1. e4 Nf6 2. e5 Nd5 3. d4 d6 4. Nf3 c6 5. c4 Nc7 6. Nc3 Bg4 7. exd6 Qxd6 8. Be3
e6 9. h3 Bxf3 10. Qxf3 Be7 11. O-O-O Nba6 12. Kb1 f5 13. Bf4 Qd7 14. Be5 Bb4
15. a3 Bxc3 16. Qxc3 O-O-O 17. Be2 Rhg8 18. Rhe1 Qf7 19. Qa5 b6 20. Qa4 Kb7 21.
Bf3 Qd7 22. b4 Rge8 23. b5 Nb8 24. bxc6+ Nxc6 25. Bxg7 Rg8 26. Bf6 Rdf8 27. d5
Nb8 28. dxe6+ 1-0

[Event "4NCL North"]
[Site "Harrogate"]
[Date "2011.02.20"]
[Round "6"]
[White "Frith, Robert J"]
[Black "Driscoll, Mike"]
[Result "1-0"]
[WhiteElo "1938"]
[BlackElo "1914"]
[PlyCount "71"]
[EventDate "2011.??.??"]

1. d4 f5 2. Nc3 Nf6 3. Bg5 b6 4. Bxf6 exf6 5. e3 d5 6. Bd3 c6 7. Qf3 g6 8. h4
h5 9. Nge2 Ba6 10. Qg3 Rh6 11. Nf4 Bxd3 12. cxd3 Bd6 13. Qf3 Bxf4 14. Qxf4 Rh7
15. O-O Na6 16. e4 dxe4 17. dxe4 Qxd4 18. Qg3 O-O-O 19. Qxg6 Rhh8 20. Qxf5+ Kb8
21. Rad1 Qe5 22. Rxd8+ Rxd8 23. Qxe5+ fxe5 24. Rd1 Rc8 25. Rd6 Nc5 26. f3 Rh8
27. Rxc6 Nd3 28. Re6 Rg8 29. Ne2 Ne1 30. Kf2 Nxg2 31. Rxe5 Nxh4 32. Rxh5 Rg2+
33. Kf1 Rh2 34. f4 Rh1+ 35. Ng1 Kc7 36. f5 1-0

[Event "4NCL North"]
[Site "Harrogate"]
[Date "2011.02.20"]
[Round "6"]
[White "Anderson, Paul W"]
[Black "Hackner, Oskar A"]
[Result "0-1"]
[WhiteElo "1834"]
[BlackElo "1778"]
[PlyCount "162"]
[EventDate "2011.??.??"]

1. e4 e6 2. Qe2 c5 3. Nf3 Nc6 4. c3 Nf6 5. g3 d5 6. exd5 Nxd5 7. Bg2 Be7 8. d3
O-O 9. O-O Qc7 10. Nbd2 b6 11. Nc4 Bb7 12. Bg5 Rfd8 13. Rad1 h6 14. Bc1 Bf6 15.
Rfe1 b5 16. Ne3 b4 17. Ng4 Be7 18. c4 Nf6 19. Bf4 Qb6 20. Nfe5 Nd4 21. Nxf6+
Bxf6 22. Qg4 Bxg2 23. Kxg2 Qb7+ 24. f3 Bg5 25. h4 Bxf4 26. Qxf4 Nf5 27. Re4 f6
28. Ng4 Rd4 29. Rxd4 Nxd4 30. b3 Rd8 31. Qe4 Qf7 32. Nf2 g6 33. Qf4 Kg7 34. Ng4
h5 35. Nf2 Nf5 36. Qe4 Rd4 37. Qe2 Qe7 38. Re1 Kf7 39. Qb2 a5 40. Qe2 Qd6 41.
Ne4 Qc6 42. Kh3 Rd8 43. g4 Nd4 44. Qg2 Rh8 45. g5 f5 46. Nd2 Qd6 47. Qg3 f4 48.
Qf2 Nc2 49. Ne4 Qxd3 50. Re2 Nd4 51. Rd2 Qe3 52. Nxc5 Nxf3 53. Qxe3 fxe3 54.
Rd3 Rc8 55. Ne4 Rd8 56. Rxe3 Ne5 57. Nc5 Ng4 58. Re2 e5 59. Nb7 Ra8 60. Nd6+
Ke6 61. Ne4 Kf5 62. Nf2 Rd8 63. Kg3 Rd4 64. c5 Ke6 65. Ne4 Kd5 66. Nd6 Rd3+ 67.
Kg2 Kxc5 68. Nc4 Kd5 69. Nxa5 Ne3+ 70. Kf2 Nd1+ 71. Kg2 Nc3 72. Rf2 Ne4 73. Re2
Rg3+ 74. Kh2 Rg4 75. Kh3 Nc3 76. Rd2+ Rd4 77. Rc2 e4 78. Nc4 Rd3+ 79. Kg2 e3
80. a4 e2 81. Kf2 Rf3+ 0-1

[Event "4NCL North"]
[Site "Harrogate"]
[Date "2011.02.20"]
[Round "6"]
[White "Bennion, David"]
[Black "Pollard, Matthew B"]
[Result "1-0"]
[WhiteElo "2015"]
[BlackElo "1842"]
[PlyCount "55"]
[EventDate "2011.??.??"]

1. d4 g6 2. e4 d6 3. Nc3 c6 4. f4 d5 5. e5 h5 6. Nf3 Bg4 7. h3 Bxf3 8. Qxf3 e6
9. Bd3 Nh6 10. g4 Qh4+ 11. Kf1 Qe7 12. gxh5 Nf5 13. hxg6 fxg6 14. Rg1 Nd7 15.
Rxg6 Nxd4 16. Qg2 Nc5 17. Rf6 O-O-O 18. Be3 Nxd3 19. Bxd4 Nxb2 20. Rb1 Nc4 21.
Na4 b6 22. Ke2 c5 23. Nxc5 bxc5 24. Qg4 Rh6 25. Bxc5 Qxc5 26. Qxe6+ Rd7 27.
Qa6+ Kc7 28. Rb7+ 1-0

[Event "4NCL North"]
[Site "Harrogate"]
[Date "2011.02.20"]
[Round "6"]
[White "Mort, Andrew J"]
[Black "Amos, Bob"]
[Result "1-0"]
[WhiteElo "1914"]
[BlackElo "1698"]
[PlyCount "93"]
[EventDate "2011.??.??"]

1. c4 Nf6 2. g3 g6 3. Bg2 Bg7 4. Nf3 d6 5. O-O O-O 6. Nc3 e5 7. Rb1 Re8 8. d3
h6 9. Nd2 Nbd7 10. b4 a6 11. Qb3 Rb8 12. Ba3 b6 13. Qa4 Nf8 14. Rbc1 Ne6 15. e3
c5 16. bxc5 dxc5 17. Nd5 Nc7 18. e4 Ne6 19. Bb2 Nd7 20. Qd1 Nd4 21. Bxd4 cxd4
22. Nb3 Nc5 23. Nxc5 bxc5 24. Rb1 Rxb1 25. Qxb1 Qd6 26. Qb3 Bd7 27. Rb1 Ra8 28.
Qb7 Rc8 29. Rb6 Rc6 30. Rxc6 Bxc6 31. Qxc6 Bf8 32. Qxd6 Bxd6 33. Bh3 a5 34. Kf1
Kg7 35. Ke2 Kf8 36. Bd7 Be7 37. f4 f6 38. Kd2 Bd8 39. Kc2 g5 40. f5 Kf7 41. Kb3
h5 42. Ka4 Kg7 43. Kb5 Kh6 44. Kxc5 g4 45. Kb5 Kg5 46. c5 h4 47. c6 1-0

[Event "4NCL North"]
[Site "Harrogate"]
[Date "2011.02.20"]
[Round "6"]
[White "Mounce, Richard B"]
[Black "Branson, Mike"]
[Result "1/2-1/2"]
[WhiteElo "1914"]
[BlackElo "1922"]
[PlyCount "110"]
[EventDate "2011.??.??"]

1. e4 e5 2. Nf3 Nc6 3. Bb5 a6 4. Ba4 Nf6 5. O-O b5 6. Bb3 Bc5 7. Nxe5 Nxe5 8.
d4 Qe7 9. dxc5 Qxc5 10. Be3 Qe7 11. Nc3 Bb7 12. Nd5 Bxd5 13. exd5 O-O 14. Re1
Rfe8 15. Bd4 Qd6 16. Qd2 c5 17. dxc6 dxc6 18. Qc3 Neg4 19. g3 Rad8 20. Rxe8+
Rxe8 21. h3 Ne4 22. Qf3 Ngf6 23. Rd1 Ng5 24. Qf5 h6 25. c3 Nd5 26. h4 Qe6 27.
Qxe6 Nxe6 28. Bxd5 cxd5 29. Bb6 Rb8 30. Ba5 b4 31. cxb4 d4 32. Rd3 Rb5 33. a4
Rd5 34. Kg2 Kf8 35. Kf3 Rf5+ 36. Kg2 Rd5 37. f4 f5 38. Kf3 Kf7 39. Ke2 Kf6 40.
Rb3 g5 41. hxg5+ hxg5 42. fxg5+ Kxg5 43. b5 Nc5 44. b6 Nxb3 45. b7 Re5+ 46. Kd1
Re8 47. Bc7 Nc5 48. b8=Q Rxb8 49. Bxb8 Nxa4 50. Kc2 Kg4 51. b3 Nc5 52. b4 d3+
53. Kd2 Ne4+ 54. Kxd3 Nxg3 55. Kc4 Ne4 1/2-1/2

[Event "4NCL North"]
[Site "Harrogate"]
[Date "2011.02.20"]
[Round "6"]
[White "Gruca, Miroslav"]
[Black "Carleton, John J"]
[Result "0-1"]
[WhiteElo "2205"]
[BlackElo "2307"]
[PlyCount "72"]
[EventDate "2011.??.??"]

1. e4 Nf6 2. e5 Nd5 3. d4 d6 4. Nf3 dxe5 5. Nxe5 g6 6. Bc4 c6 7. Nd2 Bg7 8.
Ndf3 O-O 9. h4 f6 10. Nd3 Bg4 11. Nf4 Qd6 12. Nxd5 cxd5 13. Be2 e5 14. Be3 Nc6
15. O-O e4 16. Ne1 Bxe2 17. Qxe2 f5 18. c3 f4 19. Bc1 Rae8 20. Qg4 h5 21. Qh3
Kh7 22. Nc2 Bh6 23. b3 Rf5 24. Ba3 Qf6 25. Rad1 Rg8 26. c4 g5 27. cxd5 Rxd5 28.
Nb4 Nxb4 29. Bxb4 g4 30. Qh2 Rd7 31. d5 Bf8 32. d6 Qf5 33. Rd2 Bh6 34. Rfd1 g3
35. fxg3 fxg3 36. Qh3 Be3+ 0-1

[Event "4NCL North"]
[Site "Harrogate"]
[Date "2011.02.20"]
[Round "6"]
[White "Bennett, Patrick"]
[Black "Norris, Michael J"]
[Result "1-0"]
[WhiteElo "2060"]
[BlackElo "1994"]
[PlyCount "89"]
[EventDate "2011.??.??"]

1. d4 d5 2. c4 c6 3. Nf3 Nf6 4. e3 a6 5. Bd3 dxc4 6. Bxc4 b5 7. Bd3 Bb7 8. O-O
e6 9. b3 Nbd7 10. Nbd2 c5 11. Bb2 cxd4 12. exd4 Be7 13. Re1 O-O 14. Rc1 Rc8 15.
Rxc8 Qxc8 16. Qb1 h6 17. Ne4 Nxe4 18. Bxe4 Nf6 19. Bxb7 Qxb7 20. Rc1 Rc8 21.
Rxc8+ Qxc8 22. Qc1 Qxc1+ 23. Bxc1 Nd5 24. Bd2 Ba3 25. Kf1 Nb4 26. Bxb4 Bxb4 27.
Ke2 Kf8 28. Ne5 f6 29. Nd3 Bc3 30. Nc5 Ke7 31. Nxa6 Bxd4 32. Nc7 b4 33. Na6 Bc3
34. Kd3 g5 35. Kc4 Be1 36. f3 f5 37. Nxb4 Kd6 38. Nd3 Ba5 39. b4 Bc7 40. a4 Kc6
41. h3 e5 42. Nc5 h5 43. Ne6 g4 44. Nxc7 gxh3 45. gxh3 1-0

[Event "4NCL North"]
[Site "Harrogate"]
[Date "2011.02.20"]
[Round "6"]
[White "Beresford, Alan"]
[Black "Gorman, John A"]
[Result "1/2-1/2"]
[WhiteElo "1818"]
[BlackElo "1942"]
[PlyCount "63"]
[EventDate "2011.??.??"]

1. e4 c5 2. Nf3 Nf6 3. d4 cxd4 4. Nxd4 Nc6 5. Nc3 e5 6. Ndb5 d6 7. Bg5 a6 8.
Na3 b5 9. Nd5 Be7 10. Bxf6 Bxf6 11. c3 O-O 12. Nc2 Rb8 13. Bd3 Bg5 14. Nce3
Bxe3 15. Nxe3 Ne7 16. Be2 Be6 17. O-O d5 18. Nxd5 Nxd5 19. exd5 Qxd5 20. Qxd5
Bxd5 21. a3 Rfd8 22. Rfd1 Bb3 23. Rd3 f5 24. Kf1 Kf7 25. Rxd8 Rxd8 26. Ke1 Ke6
27. Bd1 Bd5 28. f3 e4 29. fxe4 fxe4 30. a4 Bc4 31. axb5 axb5 32. Ra7 1/2-1/2

[Event "4NCL North"]
[Site "Harrogate"]
[Date "2011.02.20"]
[Round "6"]
[White "Brijmohun, Louis"]
[Black "Yee, John"]
[Result "1-0"]
[WhiteElo "2018"]
[BlackElo "1922"]
[PlyCount "59"]
[EventDate "2011.??.??"]

1. e4 c6 2. d4 d5 3. exd5 cxd5 4. c4 Nf6 5. c5 Nc6 6. Bf4 g6 7. Nc3 Nh5 8. Be5
Nxe5 9. dxe5 e6 10. Qd4 Bd7 11. Nb5 Rc8 12. b4 a6 13. Nd6+ Bxd6 14. exd6 O-O
15. Be2 Ng7 16. Nf3 Nf5 17. Qd2 Qf6 18. O-O Bc6 19. Qf4 Rcd8 20. Rfd1 Rfe8 21.
Qe5 Kg7 22. a4 Ra8 23. Qxf6+ Kxf6 24. b5 axb5 25. axb5 Bd7 26. g4 Ng7 27. Rac1
Rec8 28. Rd4 g5 29. Rd2 Ne8 30. Rdc2 1-0

[Event "4NCL North"]
[Site "Harrogate"]
[Date "2011.02.20"]
[Round "6"]
[White "Hawkins, James N H"]
[Black "Connor, Stephen"]
[Result "1/2-1/2"]
[WhiteElo "1987"]
[BlackElo "2058"]
[PlyCount "54"]
[EventDate "2011.??.??"]

1. Nf3 Nf6 2. b3 g6 3. Bb2 Bg7 4. g3 O-O 5. Bg2 c5 6. c4 Nc6 7. O-O d6 8. d3
Bg4 9. h3 Bd7 10. Nbd2 Rb8 11. e4 e5 12. a3 Nh5 13. Kh2 Qe7 14. Nb1 Nd4 15. Nc3
Bc6 16. Nxd4 cxd4 17. Nd5 Bxd5 18. cxd5 Rbc8 19. Bf3 Nf6 20. Rc1 Bh6 21. Rc4
Rxc4 22. dxc4 Nd7 23. b4 Nb6 24. Qb3 Rc8 25. Be2 Qc7 26. Bc1 Bg7 27. Bd2 Nd7
1/2-1/2

[Event "4NCL North"]
[Site "Harrogate"]
[Date "2011.02.20"]
[Round "6"]
[White "Corcoran, Gary"]
[Black "Nezis, Anastasios"]
[Result "0-1"]
[WhiteElo "1868"]
[BlackElo "1914"]
[PlyCount "124"]
[EventDate "2011.??.??"]

1. e4 c5 2. Nf3 d6 3. d4 cxd4 4. Nxd4 Nf6 5. Nc3 a6 6. Be2 e5 7. Nb3 Be6 8. Be3
Be7 9. O-O O-O 10. f4 exf4 11. Bxf4 Nbd7 12. Nd4 Rc8 13. Nxe6 fxe6 14. Be3 Ne5
15. Bd4 Qa5 16. Qe1 Nfd7 17. Nd5 Rxf1+ 18. Bxf1 Qxe1 19. Nxe7+ Kf7 20. Rxe1
Kxe7 21. c3 Rf8 22. Be2 Rf4 23. Bd1 Nd3 24. Re2 N3e5 25. g3 Rf7 26. Bc2 h6 27.
Kg2 Nc6 28. Be3 Nde5 29. h3 b5 30. Rf2 b4 31. Rxf7+ Kxf7 32. cxb4 Nxb4 33. Bb1
Ned3 34. Bxd3 Nxd3 35. Bd4 e5 36. Bc3 Nc5 37. Kf3 Kf6 38. Ke3 Na4 39. Kd3 Nc5+
40. Ke3 Na4 41. a3 g6 42. Kd3 Nxc3 43. Kxc3 d5 44. Kd3 Ke6 45. h4 h5 46. Ke3 a5
47. Kd3 a4 48. Ke3 Kd6 49. Kd3 Kc5 50. Ke3 Kc4 51. exd5 Kxd5 52. Kd3 e4+ 53.
Ke3 Kc4 54. Kxe4 Kb3 55. g4 Kxb2 56. Kf4 Kxa3 57. gxh5 gxh5 58. Kg5 Kb4 59.
Kxh5 a3 60. Kg6 a2 61. h5 a1=Q 62. h6 Qh8 {Some of the moves may be in the
wrong order. The scoresheets were very hard to understand, but the final
position is correct.} 0-1

[Event "4NCL Northern League Crewe"]
[Site ", "]
[Date "2011.03.26"]
[Round "7"]
[White "Edwards-Wright, Miles D"]
[Black "Richardson, Alex"]
[Result "1/2-1/2"]
[WhiteElo "1946"]
[BlackElo "2084"]
[PlyCount "53"]
[EventDate "2011.??.??"]

1. e4 c6 2. d4 d5 3. e5 Bf5 4. Ne2 e6 5. Ng3 Bg6 6. h4 h5 7. Be2 c5 8. c3 Nc6
9. Qb3 Rb8 10. Be3 cxd4 11. cxd4 Bxb1 12. Rxb1 g6 13. Rc1 Nge7 14. Bb5 Qa5+ 15.
Bd2 Qb6 16. Bxc6+ Nxc6 17. Qxb6 axb6 18. Ne2 Ra8 19. a3 Ra4 20. O-O Be7 21. g3
Kd7 22. Rc3 Rha8 23. Rfc1 Bd8 24. Rf3 Ke8 25. Be3 Ne7 26. Nc3 Rc4 27. Nb5
1/2-1/2

[Event "4NCL Northern League Crewe"]
[Site ", "]
[Date "2011.03.26"]
[Round "7"]
[White "Norris, Michael J"]
[Black "Williamson, Roger G"]
[Result "1-0"]
[WhiteElo "1994"]
[BlackElo "2187"]
[PlyCount "63"]
[EventDate "2011.??.??"]

1. d4 d5 2. Nf3 Nf6 3. Bf4 Nh5 4. Bd2 g6 5. c4 c6 6. cxd5 cxd5 7. Nc3 Nc6 8. e3
Bg7 9. Bb5 O-O 10. O-O a6 11. Bxc6 bxc6 12. Na4 Bg4 13. h3 Bxf3 14. Qxf3 e5 15.
dxe5 Bxe5 16. Rac1 Qd6 17. Bc3 Rfe8 18. Bxe5 Rxe5 19. Rc2 Re6 20. Rfc1 Qb4 21.
b3 Nf6 22. Nc5 Rd6 23. Nd3 Qb6 24. Ne5 Rc8 25. g4 Re6 26. Qf4 Rc7 27. Nf3 Nd7
28. Nd4 Rf6 29. Qg3 Rc8 30. g5 Re6 31. Nxe6 fxe6 32. Qd6 1-0

[Event "4NCL Northern League Crewe"]
[Site ", "]
[Date "2011.03.26"]
[Round "7"]
[White "Driscoll, Mike"]
[Black "Doran, Chris"]
[Result "0-1"]
[WhiteElo "1914"]
[BlackElo "2020"]
[PlyCount "66"]
[EventDate "2011.??.??"]

1. e4 c5 2. Nc3 Nc6 3. g3 g6 4. Bg2 Bg7 5. d3 d6 6. Be3 Nd4 7. Qd2 e6 8. Nge2
Ne7 9. O-O O-O 10. Nd1 Nec6 11. c3 Nxe2+ 12. Qxe2 Bd7 13. f4 f5 14. Rc1 Qa5 15.
b3 Rab8 16. Qd2 Rfe8 17. Rc2 e5 18. exf5 Bxf5 19. Bxc6 bxc6 20. fxe5 Bxe5 21.
Bf4 Qa6 22. c4 Bd4+ 23. Kh1 Re6 24. Re1 Rbe8 25. Rxe6 Rxe6 26. Ne3 Bh3 27. Rc1
Qb7 28. Re1 Qg7 29. Nd1 Qe7 30. Rxe6 Qxe6 31. Ne3 Qf6 32. Nc2 g5 33. Nxd4 cxd4
0-1

[Event "4NCL Northern League Crewe"]
[Site ", "]
[Date "2011.03.26"]
[Round "7"]
[White "Connor, Michael I"]
[Black "Kane, Brendan D"]
[Result "1-0"]
[WhiteElo "1858"]
[BlackElo "2010"]
[PlyCount "87"]
[EventDate "2011.??.??"]

1. d4 Nf6 2. c4 e6 3. g3 d5 4. Bg2 c5 5. Nf3 Nc6 6. O-O Be7 7. Nc3 O-O 8. cxd5
exd5 9. dxc5 Bxc5 10. Bg5 Be7 11. Qd2 Be6 12. Rfd1 Qa5 13. e3 Rfd8 14. Nd4 Nxd4
15. exd4 h6 16. Nxd5 Qxd2 17. Nxe7+ Kf8 18. Bxd2 Kxe7 19. Bb4+ Kd7 20. d5 Bf5
21. Re1 Re8 22. d6 Ne4 23. g4 Bg6 24. f4 f5 25. Bxe4 fxe4 26. f5 Bf7 27. Rac1
Rac8 28. Rxc8 Kxc8 29. Rc1+ Kd8 30. Rc7 Bd5 31. Rxg7 Rg8 32. Rxg8+ Bxg8 33. a3
Kd7 34. Bd2 h5 35. h3 Kxd6 36. Kf2 hxg4 37. hxg4 Ke5 38. Ke3 Bh7 39. Bc3+ Kd5
40. Kf4 b5 41. g5 Bg8 42. g6 a6 43. f6 Ke6 44. Kxe4 1-0

[Event "4NCL Northern League Crewe"]
[Site ", "]
[Date "2011.03.26"]
[Round "7"]
[White "Nezis, Anastasios"]
[Black "Lang, Adam R"]
[Result "0-1"]
[WhiteElo "1914"]
[BlackElo "2050"]
[PlyCount "68"]
[EventDate "2011.??.??"]

1. e4 c5 2. Nf3 d6 3. d4 cxd4 4. Nxd4 Nf6 5. Nc3 a6 6. Bg5 e6 7. f4 Be7 8. Qf3
Qa5 9. O-O-O Bd7 10. Bxf6 Bxf6 11. g4 Nc6 12. Nb3 Qc7 13. g5 Be7 14. h4 b5 15.
Bh3 b4 16. Ne2 Rc8 17. Rd2 a5 18. Nbd4 Qb7 19. h5 Ne5 20. fxe5 dxe5 21. Nxe6
fxe6 22. g6 Rf8 23. Qg4 h6 24. Kb1 Bg5 25. Rd3 Qc6 26. c3 Qb5 27. Rf3 bxc3 28.
Rxf8+ Kxf8 29. Qf3+ Bf6 30. Nxc3 Qb7 31. Rd1 Rb8 32. Qe2 Bc6 33. Bxe6 Qb4 34.
Qc4 Qxb2# 0-1

[Event "4NCL Northern League Crewe"]
[Site ", "]
[Date "2011.03.26"]
[Round "7"]
[White "Williams, Winston"]
[Black "Hopwood, Paul M"]
[Result "0-1"]
[WhiteElo "2220"]
[BlackElo "2130"]
[PlyCount "70"]
[EventDate "2011.??.??"]

1. f4 d5 2. Nf3 Bg4 3. e3 Nd7 4. h3 Bxf3 5. Qxf3 e5 6. fxe5 Nxe5 7. Qf2 Nf6 8.
d3 Bd6 9. Be2 c6 10. Nc3 Qc7 11. Kd1 O-O 12. Bd2 b5 13. Bf3 b4 14. Ne2 a5 15.
g4 a4 16. Nd4 Rfb8 17. Ke2 c5 18. Nf5 c4 19. Nxd6 Qxd6 20. Qg3 cxd3+ 21. cxd3
Nfd7 22. Rhd1 Rc8 23. Rac1 Qa6 24. Rxc8+ Rxc8 25. Bc1 Rxc1 26. Rxc1 Qxd3+ 27.
Ke1 Qxe3+ 28. Kd1 Qd3+ 29. Ke1 Nxf3+ 30. Kf2 Qd2+ 31. Kxf3 Qxc1 32. Qd6 Qf1+
33. Kg3 Qe1+ 34. Kg2 Qd2+ 35. Kg3 Nf8 0-1